000 01305nam a2200313 i 4500
001 11834
003 KOSZ 005
005 20211108150615.0
008 080521s1965 pl a f f 000 0 pol
015 _aPB 1965/4968
040 _aWA N
_cKOSZ 005/KK
_dKOSZ 005/KK
080 _a674(075)+683(075)+621.3(075):631(075)
100 1 _aGłowacki, Julian
_c(rolnictwo)
_eAutor
245 1 0 _aTo trzeba umieć zrobić w gospodarstwie /
_cJulian Głowacki ; [współudz. T. Gnoiński, A. Próchnicki]
250 _aWyd. 3.
260 _aWarszawa :
_bPaństwowe Wydawnictwo Rolnicze i Leśne,
_c1965.
300 _a204 s. :
_bil. ;
_c23 cm.
380 _aKsiążki.
521 8 _aZatwierdz. przez Min. Oświaty jako książka pomocnicza do zajęć warsztatowych z zakresu stolarstwa, ślusarstwa i elektrotechn. w kl. 1 i 2 szk. przysposob. roln.
655 4 _aPodręczniki dla szkół zawodowych
650 4 _aElektrotechnika
650 4 _aStolarstwo
650 4 _aŚlusarstwo
700 1 _aGnoiński, Tadeusz.
700 1 _aPróchnicki, Aleksander.
710 _aPaństwowe Wydawnictwo Rolnicze i Leśne
_4pbl.
856 _uhttp://koha.tu.koszalin.pl/cgi-bin/koha/opac-detail.pl?biblionumber=11834
_yKatalog online BPK
942 _2UKD
_cKS
999 _c11834
_d11834